[Event "Najdorf Memorial B"]
[Site "Warsaw POL"]
[Date "2021.07.18"]
[Round "9.15"]
[White "Jozwik, Michal"]
[Black "Grzadka, Artur"]
[Result "0-1"]
[WhiteElo "1435"]
[BlackElo "1536"]
[EventDate "????.??.??"]
[PlyCount "118"]
[LiveChessVersion "1.4.8"]

1.d4 {[%clk 1:30:54]} 1...Nf6 {[%clk 1:30:53]} 2.c4 {[%clk 1:31:16]} 2...g6 
{[%clk 1:31:19]} 3.Nf3 {[%clk 1:31:34]} 3...Bg7 {[%clk 1:31:37]} 4.Nc3 {[%clk
1:31:41]} 4...d5 {[%clk 1:31:58]} 5.cxd5 {[%clk 1:30:38]} 5...Nxd5 {[%clk
1:32:23]} 6.e4 {[%clk 1:31:00]} 6...Nxc3 {[%clk 1:32:49]} 7.bxc3 {[%clk
1:31:24]} 7...c5 {[%clk 1:32:58]} 8.Be3 {[%clk 1:25:37]} 8...Nc6 {[%clk
1:31:17]} 9.Qd2 {[%clk 1:20:44]} 9...cxd4 {[%clk 1:27:59]} 10.cxd4 {[%clk
1:21:06]} 10...O-O {[%clk 1:28:19]} 11.Be2 {[%clk 1:20:47]} 11...Bg4 {[%clk
1:28:06]} 12.Rd1 {[%clk 1:20:51]} 12...Rc8 {[%clk 1:26:51]} 13.O-O {[%clk
1:20:43]} 13...Qa5 {[%clk 1:17:40]} 14.Qxa5 {[%clk 1:16:31]} 14...Nxa5 {[%clk
1:18:07]} 15.Rc1 {[%clk 1:16:59]} 15...Rfd8 {[%clk 1:16:49]} 16.d5 {[%clk
1:14:17]} 16...Bxf3 {[%clk 1:12:37]} 17.Bxf3 {[%clk 1:06:29]} 17...b6 {[%clk
1:10:57]} 18.Be2 {[%clk 0:52:06]} 18...Bb2 {[%clk 1:07:11]} 19.Rb1 {[%clk
0:47:41]} 19...Ba3 {[%clk 1:07:04]} 20.Bc1 {[%clk 0:45:56]} 20...Rc3 {[%clk
1:05:55]} 21.Bg4 {[%clk 0:38:13]} 21...h5 {[%clk 1:05:31]} 22.Bh3 {[%clk
0:37:53]} 22...Nc4 {[%clk 0:57:04]} 23.Bxa3 {[%clk 0:32:49]} 23...Rxa3 {[%clk
0:57:10]} 24.Ra1 {[%clk 0:33:12]} 24...b5 {[%clk 0:56:55]} 25.Rfc1 {[%clk
0:30:57]} 25...Rd6 {[%clk 0:53:37]} 26.Rc2 {[%clk 0:29:07]} 26...Rda6 {[%clk
0:29:34]} 27.g3 {[%clk 0:28:14]} 27...Nd6 {[%clk 0:26:18]} 28.Bg2 {[%clk
0:26:56]} 28...b4 {[%clk 0:26:13]} 29.Rb1 {[%clk 0:23:50]} 29...R6a4 {[%clk
0:13:52]} 30.e5 {[%clk 0:18:21]} 30...Nb5 {[%clk 0:11:00]} 31.d6 {[%clk
0:16:52]} 31...exd6 {[%clk 0:11:21]} 32.Bc6 {[%clk 0:17:13]} 32...a6 {[%clk
0:09:42]} 33.exd6 {[%clk 0:10:46]} 33...Nxd6 {[%clk 0:07:35]} 34.Bxa4 {[%clk
0:11:08]} 34...Rxa4 {[%clk 0:08:04]} 35.Re1 {[%clk 0:08:46]} 35...Nb5 {[%clk
0:07:49]} 36.Re4 {[%clk 0:08:23]} 36...a5 {[%clk 0:06:18]} 37.Rc5 {[%clk
0:06:45]} 37...Nd6 {[%clk 0:05:22]} 38.Rd4 {[%clk 0:06:02]} 38...b3 {[%clk
0:02:20]} 39.Rxa4 {[%clk 0:01:17]} 39...b2 {[%clk 0:02:42]} 40.Rd5 {[%clk
0:01:14]} 40...b1=Q+ {[%clk 0:02:43]} 41.Kg2 {[%clk 0:01:21]} 41...Qb7 {[%clk
0:01:42]} 42.Rxa5 {[%clk 0:01:49]} 42...Nc4 {[%clk 0:01:43]} 43.Rb5 {[%clk
0:02:14]} 43...Nb6 {[%clk 0:01:57]} 44.f3 {[%clk 0:02:32]} 44...Qxd5 {[%clk
0:02:15]} 45.Rxd5 {[%clk 0:02:54]} 45...Nxd5 {[%clk 0:02:41]} 46.Kf2 {[%clk
0:03:14]} 46...Kf8 {[%clk 0:03:07]} 47.a3 {[%clk 0:03:35]} 47...Ke7 {[%clk
0:03:32]} 48.Ke2 {[%clk 0:03:58]} 48...Kd6 {[%clk 0:03:48]} 49.Kd3 {[%clk
0:04:23]} 49...Kc5 {[%clk 0:04:09]} 50.Ke4 {[%clk 0:03:41]} 50...f6 {[%clk
0:04:27]} 51.g4 {[%clk 0:03:58]} 51...h4 {[%clk 0:03:46]} 52.f4 {[%clk 0:03:29]} 
52...Nc3+ {[%clk 0:03:53]} 53.Kf3 {[%clk 0:03:45]} 53...Kd4 {[%clk 0:03:05]} 
54.f5 {[%clk 0:03:05]} 54...g5 {[%clk 0:03:26]} 55.h3 {[%clk 0:03:14]} 55...Kd3 
{[%clk 0:03:48]} 56.Kf2 {[%clk 0:03:33]} 56...Ke4 {[%clk 0:04:07]} 57.Kg2 
{[%clk 0:03:54]} 57...Ke3 {[%clk 0:04:28]} 58.Kh2 {[%clk 0:04:14]} 58...Kf2 
{[%clk 0:04:45]} 59.Kh1 {[%clk 0:04:28]} 59...Kg3 0-1

[Event "Najdorf Memorial B"]
[Site "Warsaw POL"]
[Date "2021.07.18"]
[Round "9.16"]
[White "Panczuk, Grzegorz"]
[Black "Bartczak, Hanna"]
[Result "1-0"]
[WhiteElo "1721"]
[BlackElo "1443"]
[EventDate "????.??.??"]
[PlyCount "99"]
[LiveChessVersion "1.4.8"]

1.d4 {[%clk 1:30:41]} 1...g6 {[%clk 1:30:20]} 2.Bf4 {[%clk 1:31:04]} 2...Bg7 
{[%clk 1:30:46]} 3.Nc3 {[%clk 1:31:30]} 3...d6 {[%clk 1:29:28]} 4.e4 {[%clk
1:31:55]} 4...Nd7 {[%clk 1:23:18]} 5.Qd2 {[%clk 1:31:04]} 5...e5 {[%clk
1:23:01]} 6.dxe5 {[%clk 1:30:55]} 6...Nxe5 {[%clk 1:23:02]} 7.O-O-O {[%clk
1:30:25]} 7...Be6 {[%clk 1:18:57]} 8.Bb5+ {[%clk 1:28:20]} 8...Nd7 {[%clk
1:17:33]} 9.Nf3 {[%clk 1:22:00]} 9...a6 {[%clk 1:17:03]} 10.Bxd7+ {[%clk
1:22:06]} 10...Qxd7 {[%clk 1:16:18]} 11.e5 {[%clk 1:22:03]} 11...dxe5 {[%clk
1:13:25]} 12.Qe2 {[%clk 1:08:22]} 12...Qe7 {[%clk 1:00:40]} 13.Nxe5 {[%clk
1:07:51]} 13...Nf6 {[%clk 0:59:11]} 14.g4 {[%clk 0:59:24]} 14...O-O {[%clk
0:39:57]} 15.h4 {[%clk 0:52:58]} 15...Rfd8 {[%clk 0:33:48]} 16.Qf3 {[%clk
0:18:40]} 16...Nxg4 {[%clk 0:14:40]} 17.Nxg4 {[%clk 0:14:11]} 17...Bxg4 {[%clk
0:12:30]} 18.Qxg4 {[%clk 0:14:33]} 18...Bxc3 {[%clk 0:12:55]} 19.bxc3 {[%clk
0:14:32]} 19...Qa3+ {[%clk 0:13:15]} 20.Kb1 {[%clk 0:14:56]} 20...Qxc3 {[%clk
0:13:38]} 21.Bc1 {[%clk 0:15:08]} 21...Qc5 {[%clk 0:12:25]} 22.Qg5 {[%clk
0:13:39]} 22...Qb6+ {[%clk 0:07:33]} 23.Bb2 {[%clk 0:13:48]} 23...Rxd1+ {[%clk
0:07:59]} 24.Rxd1 {[%clk 0:14:10]} 24...Rf8 {[%clk 0:07:51]} 25.Qf6 {[%clk
0:14:24]} 25...Qxf6 {[%clk 0:08:04]} 26.Bxf6 {[%clk 0:14:53]} 26...Re8 {[%clk
0:08:27]} 27.Rd7 {[%clk 0:14:19]} 27...Rc8 {[%clk 0:08:15]} 28.f4 {[%clk
0:13:59]} 28...Kf8 {[%clk 0:08:26]} 29.Be5 {[%clk 0:14:18]} 29...Ke8 {[%clk
0:08:44]} 30.Rxc7 {[%clk 0:14:40]} 30...Rxc7 {[%clk 0:09:12]} 31.Bxc7 {[%clk
0:15:03]} 31...Ke7 {[%clk 0:09:38]} 32.Kc1 {[%clk 0:14:18]} 32...Ke6 {[%clk
0:09:59]} 33.Kd2 {[%clk 0:14:32]} 33...Kf5 {[%clk 0:10:24]} 34.Ke3 {[%clk
0:14:54]} 34...Kg4 {[%clk 0:10:45]} 35.Bd8 {[%clk 0:15:20]} 35...Kf5 {[%clk
0:10:44]} 36.a4 {[%clk 0:14:58]} 36...Ke6 {[%clk 0:11:05]} 37.Ke4 {[%clk
0:15:20]} 37...f5+ {[%clk 0:11:08]} 38.Kd4 {[%clk 0:15:42]} 38...Kd7 {[%clk
0:11:35]} 39.Bg5 {[%clk 0:16:04]} 39...Kd6 {[%clk 0:11:44]} 40.a5 {[%clk
0:16:10]} 40...Kc6 {[%clk 0:11:57]} 41.Ke5 {[%clk 0:16:23]} 41...b5 {[%clk
0:11:53]} 42.Be7 {[%clk 0:16:11]} 42...Kd7 {[%clk 0:10:56]} 43.Bb4 {[%clk
0:16:28]} 43...Kc6 {[%clk 0:11:08]} 44.c3 {[%clk 0:16:26]} 44...Kd7 {[%clk
0:11:17]} 45.Kf6 {[%clk 0:16:51]} 45...Kc6 {[%clk 0:11:43]} 46.Kg7 {[%clk
0:17:04]} 46...Kd5 {[%clk 0:12:04]} 47.Kxh7 {[%clk 0:17:28]} 47...Ke4 {[%clk
0:12:15]} 48.Kxg6 {[%clk 0:17:42]} 48...Kxf4 {[%clk 0:12:36]} 49.h5 {[%clk
0:18:10]} 49...Kg4 {[%clk 0:12:56]} 50.h6 {[%clk 0:18:35]} 1-0

[Event "Najdorf Memorial B"]
[Site "Warsaw POL"]
[Date "2021.07.18"]
[Round "9.17"]
[White "Kopaniewski, Wojciech"]
[Black "Kurowski, Maciej"]
[Result "1/2-1/2"]
[WhiteElo "1389"]
[BlackElo "1627"]
[EventDate "????.??.??"]
[PlyCount "107"]
[LiveChessVersion "1.4.8"]

1.f4 {[%clk 1:30:55]} 1...d5 {[%clk 1:30:23]} 2.b3 {[%clk 1:31:19]} 2...Nf6 
{[%clk 1:29:47]} 3.Bb2 {[%clk 1:31:39]} 3...g6 {[%clk 1:29:52]} 4.Nf3 {[%clk
1:31:43]} 4...Bg7 {[%clk 1:29:39]} 5.e3 {[%clk 1:31:24]} 5...O-O {[%clk
1:28:59]} 6.Be2 {[%clk 1:31:21]} 6...c5 {[%clk 1:26:35]} 7.O-O {[%clk 1:30:43]} 
7...Nc6 {[%clk 1:26:53]} 8.h3 {[%clk 1:26:53]} 8...b6 {[%clk 1:18:57]} 9.d3 
{[%clk 1:26:11]} 9...a5 {[%clk 1:12:26]} 10.Ne5 {[%clk 1:20:03]} 10...Bb7 
{[%clk 1:05:02]} 11.Nd2 {[%clk 1:19:54]} 11...Nxe5 {[%clk 1:03:48]} 12.fxe5 
{[%clk 1:20:03]} 12...Nd7 {[%clk 1:04:13]} 13.d4 {[%clk 1:13:58]} 13...f6 
{[%clk 1:01:52]} 14.Nf3 {[%clk 1:11:22]} 14...fxe5 {[%clk 1:01:33]} 15.Nxe5 
{[%clk 1:11:31]} 15...Nxe5 {[%clk 1:01:31]} 16.dxe5 {[%clk 1:11:56]} 16...Qc7 
{[%clk 0:55:13]} 17.Bf3 {[%clk 1:08:46]} 17...Rad8 {[%clk 0:53:28]} 18.Qe2 
{[%clk 0:55:19]} 18...Bxe5 {[%clk 0:52:01]} 19.Bxe5 {[%clk 0:55:43]} 19...Qxe5 
{[%clk 0:52:28]} 20.Rae1 {[%clk 0:55:56]} 20...Rf6 {[%clk 0:48:33]} 21.Qd2 
{[%clk 0:48:06]} 21...Kg7 {[%clk 0:44:28]} 22.a3 {[%clk 0:44:29]} 22...Qg3 
{[%clk 0:36:40]} 23.b4 {[%clk 0:43:08]} 23...axb4 {[%clk 0:37:04]} 24.axb4 
{[%clk 0:43:34]} 24...Rdf8 {[%clk 0:33:11]} 25.Qe2 {[%clk 0:36:31]} 25...e5 
{[%clk 0:26:11]} 26.Bg4 {[%clk 0:33:22]} 26...d4 {[%clk 0:24:58]} 27.exd4 
{[%clk 0:32:43]} 27...cxd4 {[%clk 0:22:23]} 28.Rxf6 {[%clk 0:31:37]} 28...Rxf6 
{[%clk 0:22:43]} 29.Rd1 {[%clk 0:31:40]} 29...h5 {[%clk 0:21:33]} 30.Rd3 {[%clk
0:28:31]} 30...Qxg2+ {[%clk 0:17:15]} 31.Qxg2 {[%clk 0:28:04]} 31...Bxg2 {[%clk
0:17:43]} 32.Kxg2 {[%clk 0:27:58]} 32...hxg4 {[%clk 0:18:08]} 33.hxg4 {[%clk
0:28:23]} 33...Rc6 {[%clk 0:18:13]} 34.Rd2 {[%clk 0:27:18]} 34...Rc3 {[%clk
0:16:51]} 35.g5 {[%clk 0:25:51]} 35...b5 {[%clk 0:16:09]} 36.Re2 {[%clk
0:25:15]} 36...e4 {[%clk 0:14:13]} 37.Rxe4 {[%clk 0:25:02]} 37...Rxc2+ {[%clk
0:14:37]} 38.Kf3 {[%clk 0:25:18]} 38...Rc4 {[%clk 0:14:54]} 39.Re7+ {[%clk
0:25:20]} 39...Kf8 {[%clk 0:15:12]} 40.Rb7 {[%clk 0:25:28]} 40...Rxb4 {[%clk
0:15:29]} 41.Ke4 {[%clk 0:25:34]} 41...Rb1 {[%clk 0:13:24]} 42.Kxd4 {[%clk
0:25:51]} 42...b4 {[%clk 0:13:45]} 43.Ke5 {[%clk 0:26:00]} 43...Rf1 {[%clk
0:14:00]} 44.Rxb4 {[%clk 0:25:53]} 44...Rf5+ {[%clk 0:14:21]} 45.Ke4 {[%clk
0:26:12]} 45...Rxg5 {[%clk 0:14:05]} 46.Rb7 {[%clk 0:26:34]} 46...Rf5 {[%clk
0:14:14]} 47.Ra7 {[%clk 0:25:46]} 47...Rf1 {[%clk 0:13:29]} 48.Ke3 {[%clk
0:24:47]} 48...Kg8 {[%clk 0:13:27]} 49.Rb7 {[%clk 0:24:45]} 49...Kf8 {[%clk
0:10:50]} 50.Ra7 {[%clk 0:24:59]} 50...Rf6 {[%clk 0:11:12]} 51.Ke2 {[%clk
0:24:43]} 51...g5 {[%clk 0:09:13]} 52.Ke3 {[%clk 0:25:04]} 52...g4 {[%clk
0:09:10]} 53.Ra4 {[%clk 0:24:48]} 53...Rg6 {[%clk 0:09:33]} 54.Kf2 {[%clk
0:25:11]} 1/2-1/2

[Event "Najdorf Memorial B"]
[Site "Warsaw POL"]
[Date "2021.07.18"]
[Round "9.18"]
[White "Maciaszek, Karol"]
[Black "Arciszewska, Zuzanna"]
[Result "0-1"]
[WhiteElo "1386"]
[BlackElo "1604"]
[EventDate "????.??.??"]
[PlyCount "44"]
[LiveChessVersion "1.4.8"]

1.e4 {[%clk 1:30:57]} 1...e5 {[%clk 1:30:50]} 2.Nf3 {[%clk 1:31:18]} 2...Nc6 
{[%clk 1:31:10]} 3.Bc4 {[%clk 1:31:33]} 3...Bc5 {[%clk 1:31:31]} 4.b4 {[%clk
1:31:11]} 4...Bxb4 {[%clk 1:30:59]} 5.c3 {[%clk 1:31:33]} 5...Bc5 {[%clk
1:28:08]} 6.d4 {[%clk 1:31:41]} 6...exd4 {[%clk 1:27:56]} 7.O-O {[%clk 1:31:30]} 
7...Nf6 {[%clk 1:23:30]} 8.e5 {[%clk 1:27:57]} 8...d5 {[%clk 1:22:39]} 9.exf6 
{[%clk 1:27:44]} 9...dxc4 10.fxg7 {[%clk 1:28:02]} 10...Rg8 {[%clk 1:23:24]} 
11.Re1+ {[%clk 1:28:16]} 11...Be6 {[%clk 1:21:10]} 12.Ng5 {[%clk 1:26:41]} 
12...Qd5 {[%clk 1:16:42]} 13.Rxe6+ {[%clk 0:56:04]} 13...fxe6 {[%clk 1:15:14]} 
14.Qh5+ {[%clk 0:54:54]} 14...Kd7 {[%clk 1:15:28]} 15.Qf7+ {[%clk 0:54:58]} 
15...Be7 {[%clk 1:11:56]} 16.Nxh7 {[%clk 0:50:33]} 16...Qe5 {[%clk 1:11:49]} 
17.Bd2 {[%clk 0:47:23]} 17...Rxg7 {[%clk 1:11:36]} 18.Qf3 {[%clk 0:47:07]} 
18...Rxh7 {[%clk 1:11:58]} 19.g3 {[%clk 0:47:13]} 19...Rf8 {[%clk 1:12:12]} 
20.Qd1 {[%clk 0:46:19]} 20...Qf5 {[%clk 1:12:25]} 21.Be3 {[%clk 0:46:03]} 
21...Kc8 {[%clk 1:12:36]} 22.cxd4 {[%clk 0:45:59]} 22...Qh3 {[%clk 1:12:58]} 0-1